Guide de l'Union Européenne

Uloženo v:
Podrobná bibliografie
Hlavní autor: Echkenazi, José
Médium: Kniha
Jazyk:Undetermined
Vydáno: Paris Nathan 1998
Témata:
Tagy: Přidat tag
Žádné tagy, Buďte první, kdo otaguje tento záznam!
Thư viện lưu trữ: Trung tâm Học liệu Trường Đại học Cần Thơ
LEADER 00553nam a2200205Ia 4500
001 CTU_134134
008 210402s9999 xx 000 0 und d
020 |c 234000 
082 |a 341.242 
082 |b E18 
100 |a Echkenazi, José 
245 0 |a Guide de l'Union Européenne 
245 0 |c José Echkenazi 
260 |a Paris 
260 |b Nathan 
260 |c 1998 
650 |a European Union,European Union countries,Europe 
650 |x Economic integration 
904 |i Giang 
980 |a Trung tâm Học liệu Trường Đại học Cần Thơ